000 00433nam a2200193Ia 4500
005 20240823040017.0
008 240823s9999||||xx |||||||||||||| ||und||
020 _a81-8388-075-4
041 _aENGLISH
082 _A920
100 _aJyotsna Bharti
245 0 _aJawaharlal Nehru A Biography
250 _a1st
260 _bSpider
500 _aTRANSFERED
650 _aBiography
_bGeneral
942 _cBK
999 _c202060
_d202060